000
00358nam a2200145Ia 4500
008
151213s9999 xx 000 0 und d
100
_a
A . Besher
245
_a
The Pacific Rim Almanac
_c
A . Besher
260
_a
New York
_b
Herper Perennied
_c
1991
300
_a
2674 p.
650
_a
Marketing
650
_a
Marketing
700
_a
A . Besher
999
_c
1786
_d
1786